[Event "SRB-chT"]
[Site "Vrnjacka Banja"]
[Date "2012.10.02"]
[Round "5.3"]
[White "Zajic, Milan"]
[Black "Pajic, Milomir"]
[Result "1-0"]
[WhiteElo "2212"]
[BlackElo "2177"]
[PlyCount "101"]
[EventDate "2012.09.29"]
[EventType "team-tourn"]
[EventRounds "11"]
[EventCountry "SRB"]
[SourceTitle "CBM 150 Extra"]
[Source "ChessBase"]
[SourceDate "2012.10.19"]
[SourceVersion "1"]
[SourceVersionDate "2012.10.19"]
[SourceQuality "1"]
[WhiteTeam "Paracin"]
[BlackTeam "Pozega"]
[WhiteTeamCountry "SRB"]
[BlackTeamCountry "SRB"]

1. e4 c5 2. Nf3 e6 3. d4 cxd4 4. Nxd4 Nf6 5. Nc3 d6 6. Be2 a6 7. 0-0 Be7 8. f4 0-0 9. Be3 Qc7 10. Kh1 b5 11. e5 Ne8 12. Bf3 Bb7 13. Bxb7 Qxb7 14. Qh5 g6 15. Qh3 Ng7 16. Rad1 Rd8 17. Bf2 dxe5 18. fxe5 Nd7 19. Qf3 Qxf3 20. Nxf3 Nc5 21. g4 h5 22. h3 Rac8 23. a3 Kf8 24. Kg2 Ke8 25. Rxd8+ Rxd8 26. Bxc5 Bxc5 27. Ne4 Be7 28. Nf6+ Kf8 29. Ng5 Bxf6 30. exf6 Ne8 31. Ne4 Rd4 32. Kf3 Nd6 33. Nxd6 Rxd6 34. Ke3 Ke8 35. gxh5 gxh5 36. Rg1 Rc6 37. c3 Rc4 38. Rg8+ Kd7 39. Rf8 e5 40. Rxf7+ Ke6 41. Ra7 Kxf6 42. Rxa6+ Kf5 43. Ra8 Re4+ 44. Kf2 Rf4+ 45. Kg2 Ke4 46. a4 Ke3 47. axb5 Rf2+ 48. Kg3 Rxb2 49. Rb8 Rf2 50. b6 Rf4 51. Rh8 1-0

[Event "SRB-chT"]
[Site "Vrnjacka Banja"]
[Date "2012.09.30"]
[Round "3.4"]
[White "Stankovic, Dejan"]
[Black "Pajic, Milomir"]
[Result "1/2-1/2"]
[WhiteElo "2267"]
[BlackElo "2177"]
[PlyCount "25"]
[EventDate "2012.09.29"]
[EventType "team-tourn"]
[EventRounds "11"]
[EventCountry "SRB"]
[SourceTitle "CBM 150 Extra"]
[Source "ChessBase"]
[SourceDate "2012.10.19"]
[SourceVersion "1"]
[SourceVersionDate "2012.10.19"]
[SourceQuality "1"]
[WhiteTeam "Donja Studena"]
[BlackTeam "Pozega"]
[WhiteTeamCountry "SRB"]
[BlackTeamCountry "SRB"]

1. e4 c5 2. Nf3 e6 3. b3 d6 4. Bb2 Nf6 5. e5 dxe5 6. Nxe5 Be7 7. Qf3 0-0 8. d3 Nbd7 9. Nd2 Nxe5 10. Bxe5 Nd7 11. Bb2 Bf6 12. Bxf6 Nxf6 13. Be2 1/2-1/2

[Event "SRB-chT 1st League"]
[Site "Vrnjacka Banja"]
[Date "2009.09.20"]
[Round "2"]
[White "Pejcic, Milutin"]
[Black "Pajic, Milomir"]
[Result "1/2-1/2"]
[WhiteElo "2162"]
[BlackElo "2198"]
[PlyCount "33"]
[EventDate "2009.09.19"]
[EventType "team-swiss"]
[EventRounds "11"]
[EventCountry "YUG"]
[SourceTitle "CBM 132 Extra"]
[Source "ChessBase"]
[SourceDate "2009.11.03"]
[SourceVersion "1"]
[SourceVersionDate "2009.11.03"]
[SourceQuality "1"]

1. Nf3 d5 2. b3 Nf6 3. Bb2 Bf5 4. e3 e6 5. Be2 Nbd7 6. 0-0 Be7 7. d4 0-0 8. c4 dxc4 9. Bxc4 c5 10. Nc3 Nb6 11. Be2 h6 12. dxc5 Bxc5 13. Qxd8 Rfxd8 14. Rfd1 a6 15. Rxd8+ Rxd8 16. Rd1 Rxd1+ 17. Nxd1 1/2-1/2

[Event "SRB-chT Cup"]
[Site "Zlatibor"]
[Date "2008.06.20"]
[Round "5.6"]
[White "Pajic, Milomir"]
[Black "Miljkovic, Mihajlo"]
[Result "1/2-1/2"]
[WhiteElo "2210"]
[BlackElo "2261"]
[PlyCount "41"]
[EventDate "2008.06.16"]
[EventType "team"]
[EventRounds "9"]
[EventCountry "YUG"]
[SourceTitle "CBM 125 Extra"]
[Source "ChessBase"]
[SourceDate "2008.09.01"]
[SourceVersion "1"]
[SourceVersionDate "2008.09.01"]
[SourceQuality "1"]

1. c4 e6 2. Nc3 d5 3. cxd5 exd5 4. d4 Nf6 5. Bg5 c6 6. Qc2 Be7 7. e3 0-0 8. Bd3 Nbd7 9. Nge2 Re8 10. h3 Nf8 11. 0-0-0 b5 12. Kb1 a5 13. g4 a4 14. Ng3 Qa5 15. Nce2 Bd7 16. Bf5 b4 17. Qd2 b3 18. Qxa5 bxa2+ 19. Kxa2 Rxa5 20. Bxd7 N8xd7 21. Rc1 1/2-1/2

[Event "SRB-chT2 West"]
[Site "Serbia"]
[Date "2006.10.14"]
[Round "6.4"]
[White "Pajic, Milomir"]
[Black "Pajic, Boris"]
[Result "1/2-1/2"]
[WhiteElo "2219"]
[BlackElo "2144"]
[PlyCount "64"]
[EventDate "2006.09.09"]
[EventType "team"]
[EventRounds "11"]
[EventCountry "SRB"]
[SourceTitle "EXT 2012"]
[Source "ChessBase"]
[SourceDate "2011.11.24"]
[SourceVersion "1"]
[SourceVersionDate "2011.11.24"]
[SourceQuality "1"]

1. c4 c6 2. Nc3 d5 3. cxd5 cxd5 4. d4 Nf6 5. Nf3 a6 6. Bf4 Nc6 7. e3 Bf5 8. Bd3 Bxd3 9. Qxd3 e6 10. Rc1 Bd6 11. Bg5 Be7 12. 0-0 0-0 13. a3 Rc8 14. Na4 Ne4 15. Bxe7 Qxe7 16. Nb6 Rc7 17. Nd2 Nxd2 18. Qxd2 Na7 19. Qa5 Rxc1 20. Rxc1 Nc6 21. Qc5 Qxc5 22. Rxc5 Rd8 23. Kf1 Kf8 24. Ke2 Ke7 25. b4 Kd6 26. Kd3 Kc7 27. Na4 b6 28. Rc1 Kb7 29. f3 Rd7 30. Rb1 Na7 31. Nc3 Nb5 32. Nxb5 axb5 1/2-1/2

[Event "SRB-chT2 West"]
[Site "Serbia"]
[Date "2006.09.30"]
[Round "4.5"]
[White "Urosevic, Marija"]
[Black "Pajic, Milomir"]
[Result "1/2-1/2"]
[WhiteElo "2076"]
[BlackElo "2219"]
[PlyCount "56"]
[EventDate "2006.09.09"]
[EventType "team"]
[EventRounds "11"]
[EventCountry "SRB"]
[SourceTitle "EXT 2012"]
[Source "ChessBase"]
[SourceDate "2011.11.24"]
[SourceVersion "1"]
[SourceVersionDate "2011.11.24"]
[SourceQuality "1"]

1. d4 d5 2. Nf3 Nf6 3. c4 e6 4. Nc3 Be7 5. Bg5 0-0 6. e3 b6 7. cxd5 Nxd5 8. Nxd5 exd5 9. Bxe7 Qxe7 10. Qc2 Be6 11. Bd3 h6 12. Rc1 Rc8 13. 0-0 c5 14. dxc5 bxc5 15. Qa4 c4 16. Bb1 Nd7 17. Nd4 Nf6 18. Rc3 Bd7 19. Qd1 Qb4 20. Qd2 Rab8 21. b3 Qb6 22. Rfc1 cxb3 23. axb3 Ne4 24. Bxe4 dxe4 25. Rxc8+ Rxc8 26. Rxc8+ Bxc8 27. Qc2 Be6 28. h3 Qb7 1/2-1/2